| 000 | 00490nam a2200169Ia 4500 | ||
|---|---|---|---|
| 003 | GCL | ||
| 008 | 140319s9999 xx 000 0 ara d | ||
| 040 |
_aGCL / _cGCL |
||
| 082 | 0 | 4 |
_a658.4 _bس ر |
| 100 | 1 | _aسعيد يس عامر | |
| 245 | 1 | 0 |
_aرؤية ادارية للقائد العربى / _cسعيد يس عامر |
| 300 | _a166 ص | ||
| 490 |
_aالهيئة العامة للاستعلامات _v0 |
||
| 650 | 0 | 4 | _aالادارة |
| 650 | 0 | 4 | _aالمديرون |
| 942 |
_2ddc _cBK |
||
| 999 |
_c49842 _d49842 |
||